Escritos joánicos y cartas católicas
Guardat en:
| Autors principals: | , |
|---|---|
| Format: | Llibre |
| Idioma: | espanyol |
| Publicat: |
Pamplona
EUNSA
2018
|
| Edició: | 1a. ed |
| Col·lecció: | Manuales ISCR, 20
|
| Matèries: | |
| Etiquetes: |
Afegir etiqueta
Sense etiquetes, Sigues el primer a etiquetar aquest registre!
|
MARC
| LEADER | 00000cam a2200000 a 4500 | ||
|---|---|---|---|
| 001 | UCC5377 | ||
| 003 | CL-VaPUC | ||
| 008 | 181005e20180000sp |||||||||||||||||spa|d | ||
| 020 | |a 9788431332921 | ||
| 082 | 0 | 4 | |a 226.5 |b CHA |2 21 |
| 100 | 0 | |a Chapa, Juan |e author |9 599713 | |
| 700 | 0 | |a González-Alonso, Pablo |e author |9 599714 | |
| 245 | 1 | 0 | |a Escritos joánicos y cartas católicas |
| 250 | |a 1a. ed | ||
| 300 | |a 207 p | ||
| 942 | |c BK | ||
| 945 | |d 20181005 11:02:00 |a dcastane | ||
| 260 | |a Pamplona |b EUNSA |c 2018 | ||
| 650 | 0 | |a Biblia |9 257603 | |
| 650 | 0 | |a Textos sagrados |9 257605 | |
| 650 | 0 | |a Evangelios |9 314864 | |
| 583 | |a last modification |c 20181008 12:18:04 |k Rodrigo Vera | ||
| 490 | 0 | |a Manuales ISCR, 20 | |
| 999 | |c 372630 |d 372628 | ||
| 952 | |0 0 |1 0 |3 erb |4 0 |6 226_500000000000000_CHA_2018 |7 0 |8 A |9 490325 |a BIBTEO |b BIBTEO |i 550516K |o 226.5 CHA 2018 |p 550516K |r 2025-01-17 |w 2019-11-24 |y BK |z Catalogado en:20181005 |k ICR | ||